000
00294nam a2200145Ia 4500
100
_a
Kalavathy/ S.
250
_a
2
942
_c
BK
245
_a
Operation Research
260
_b
Vikas Publishing House
_c
2002
082
_a
003/KAL
_b
KAL
300
_a
536
546
_a
ENGLISH
999
_c
35519
_d
35519